| 000 | 00327nam a22001217a 4500 | ||
|---|---|---|---|
| 082 |
_a398.2 _bSOU/F |
||
| 245 |
_aFolklore in North-East India/ _cby Soumen Sen (ed.). |
||
| 260 |
_aNew Delhi: _bOmsons Publications, _c1985. |
||
| 300 | _a233p. | ||
| 650 | _aNorth East India Folklore | ||
| 700 | _aSoumen Sen (ed.) | ||
| 942 | _cBK | ||
| 999 |
_c146438 _d146438 |
||